Mercury (Record no. 19031)

MARC details
000 -LEADER
fixed length control field 00551nam a2200193Ia 4500
003 - CONTROL NUMBER IDENTIFIER
control field IN-BaIIA
008 - FIXED-LENGTH DATA ELEMENTS--GENERAL INFORMATION
fixed length control field 211028s9999 xx 000 0 eng d
020 ## - INTERNATIONAL STANDARD BOOK NUMBER
International Standard Book Number 978-1-4614-7207-0
040 ## - CATALOGING SOURCE
Transcribing agency IIA Library
080 ## - UNIVERSAL DECIMAL CLASSIFICATION NUMBER
Universal Decimal Classification number 523.41(084.4)
Item number MER
245 #0 - TITLE STATEMENT
Title Mercury
Statement of responsibility, etc. edited by T. J. Mahoney
260 ## - PUBLICATION, DISTRIBUTION, ETC.
Place of publication, distribution, etc. New York
Name of publisher, distributor, etc. Springer
Date of publication, distribution, etc. 2014
300 ## - PHYSICAL DESCRIPTION
Extent xxxv, 328p.
650 ## - SUBJECT ADDED ENTRY--TOPICAL TERM
Topical term or geographic name entry element Mercury (Planet) - gazetteers
9 (RLIN) 36335
650 ## - SUBJECT ADDED ENTRY--TOPICAL TERM
Topical term or geographic name entry element Mercury (Planet) - nomenclature
9 (RLIN) 36336
650 ## - SUBJECT ADDED ENTRY--TOPICAL TERM
Topical term or geographic name entry element Science - astronomy
9 (RLIN) 36158
700 ## - ADDED ENTRY--PERSONAL NAME
Personal name Mahoney, T. J., ed.
942 ## - ADDED ENTRY ELEMENTS (KOHA)
Koha item type Books
Holdings
Withdrawn status Lost status Damaged status Not for loan Home library Current library Shelving location Date acquired Source of acquisition Cost, normal purchase price Total Checkouts Full call number Barcode Date last seen Cost, replacement price Price effective from Koha item type Purchase Price
        IIA Library-Bangalore IIA Library-Bangalore General Stacks 30/04/2015 SBA 2826.00   523.41(084.4)/ MER 19953 05/11/2021 2826.00 30/04/2015 Books Rs. 2826.00

Powered by Koha